Sports Quiz

Random Sports or NFL Quiz

NFL QBs with 5+ TDs in a Game Quiz Stats

 Plays Quiz Updated Nov 24, 2018

Challenge
Share
Tweet
Embed
Score 0/102 Timer 08:00
1 Play Today
Games Player % Correct
9Peyton Manning
98.7%
2Eli Manning
97.4%
6Tom Brady
95.5%
10Drew Brees
92.7%
*6Dan Marino
92.5%
4Brett Favre
90%
4Aaron Rodgers
85%
*3Joe Montana
79.6%
6Ben Roethlisberger
77.9%
*4Warren Moon
77.3%
2Tony Romo
75.5%
*1Troy Aikman
71.2%
2Kurt Warner
67.9%
3Daunte Culpepper
67.8%
2Russell Wilson
67.3%
*3Jim Kelly
65%
2Donovan McNabb
63.4%
1Alex Smith
63.1%
1Matt Schaub
62.8%
3Cam Newton
62.6%
*1John Elway
61.9%
*3Dan Fouts
58.8%
*1Terry Bradshaw
56.6%
2Patrick Mahomes
56.2%
2Deshaun Watson
55.5%
2Matt Hasselbeck
53.4%
1Andrew Luck
52.1%
1Joe Flacco
52%
4Matthew Stafford
51.8%
1Andy Dalton
50.2%
*1Fran Tarkenton
49.6%
1Rich Gannon
49.4%
1Steve McNair
49.2%
2Carson Palmer
48.6%
Games Player % Correct
*2Joe Namath
48.5%
1Brad Johnson
48.2%
3Charley Johnson
48.1%
1Phil Simms
47.6%
1Trent Green
47.3%
1Johnny Green
47.1%
1Randall Cunningham
46.8%
1Jared Goff
45.6%
2Boomer Esiason
45.5%
1Wade Wilson
45.4%
1Marc Wilson
45.4%
1Jameis Winston
44.2%
1Matt Ryan
44%
1Vinny Testaverde
41.3%
1Derek Anderson
38.4%
1Nick Foles
38.2%
*3Len Dawson
37.7%
1Kerry Collins
34.3%
*1Bob Griese
34.3%
1Blake Bortles
32.8%
1Mark Rypien
32.7%
1Danny White
32.4%
*2Y.A. Tittle
31.2%
1Ryan Fitzpatrick
29.1%
3Dave Krieg
29%
1Matt Flynn
26.6%
1Frank Ryan
25.7%
1Jim Everett
23%
1Aaron Brooks
22.9%
*3Sonny Jurgensen
21.3%
*5George Blanda
21.1%
1Elvis Grbac
20%
1Josh Freeman
17.9%
1Ken O'Brien
17%
Games Player % Correct
2Tommy Kramer
16.1%
1Steve Grogan
15.8%
1Daryle Lamonica
15.6%
1Brian Sipe
15.5%
1Neil O'Donnell
14.3%
1Mitchell Trubisky
14.1%
3Don Meredith
13.8%
2Craig Morton
12.8%
2Lynn Dickey
12.6%
1Roman Gabriel
11.5%
1Steve DeBerg
11.3%
1John Hadl
11.2%
2Joe Ferguson
11.1%
1Steve Beuerlein
11.1%
1Billy Kilmer
10.1%
1John Brodie
9.9%
1Gus Frerotte
8.5%
2Vince Ferragamo
8.5%
1Tony Banks
8.3%
1Joe Kapp
7.9%
2Babe Parilli
4.9%
1Mark Malone
4.7%
1Kelly Holcomb
4.7%
1Norm Snead
3.8%
2Tom Flores
2.2%
1Gary Danielson
2.1%
1Steve Spurrier
1.7%
1Gary Hogeboom
1.2%
1Frank Tripucka
1.2%
1Don Horn
1.1%
1Bill Nelsen
1%
1Eddie LeBaron
0.9%
1Cotton Davidson
0.8%
1Gary Cuozzo
0.6%

You're not logged in!

Compare scores with friends on all Sporcle quizzes.
OR
Log In

You Might Also Like...

Show Comments

Extras

Top Quizzes Today


Score Distribution

Your Account Isn't Verified!

In order to create a playlist on Sporcle, you need to verify the email address you used during registration. Go to your Sporcle Settings to finish the process.

Report this User

Report this user for behavior that violates our Community Guidelines.

Details: